Tax bombshell on residential property (Record no. 84266)

MARC details
000 -LEADER
fixed length control field 00821cab a22002055a 4500
001 - CONTROL NUMBER
control field L157130
008 - FIXED-LENGTH DATA ELEMENTS--GENERAL INFORMATION
fixed length control field 120906e20120901xxk 000 0 eng d
035 ## - SYSTEM CONTROL NUMBER
System control number (Sirsi) u157130
041 0# - LANGUAGE CODE
Language code of text/sound track or separate title eng
100 1# - MAIN ENTRY--PERSONAL NAME
Personal name Woolich, R.
245 00 - TITLE STATEMENT
Title Tax bombshell on residential property
260 ## - PUBLICATION, DISTRIBUTION, ETC.
Date of publication, distribution, etc. 2012
490 ## - SERIES STATEMENT
Series statement Estates Gazette
Volume/sequential designation (1235) 1 September 2012, 67(1)
520 ## - SUMMARY, ETC.
Summary, etc. Update on the proposed changes to stamp duty land tax and capital gains tax along with discussion of the ongoing consultation process. Notes that the consultation period closed in August 2012 with the government planning to publish draft legislation by the end of the 2012, with implementation in April 2013.
590 ## - LOCAL NOTE (RLIN)
Local note KA
651 #4 - SUBJECT ADDED ENTRY--GEOGRAPHIC NAME
Geographic name England and Wales
Chronological subdivision 1543-
690 ## - LOCAL SUBJECT ADDED ENTRY--TOPICAL TERM (OCLC, RLIN)
Topical term or geographic name as entry element Property management
9 (RLIN) 6262
700 1# - ADDED ENTRY--PERSONAL NAME
Personal name Slade, Simon
942 ## - ADDED ENTRY ELEMENTS (KOHA)
Suppress in OPAC 0
Holdings
Withdrawn status Lost status Source of classification or shelving scheme Damaged status Not for loan Home library Current library Shelving location Date acquired Total Checkouts Full call number Barcode Date last seen Copy number Price effective from Koha item type
    Dewey Decimal Classification     London London Journal article 06/09/2012   L157130 157130-1001 06/08/2019 1 06/08/2019 Journal article